[Event "Autunno Scacchistico A"]
[Site "Venezia ITA"]
[Date "2004.10.31"]
[Round "2"]
[White "Bettera, Roberto"]
[Black "Lorusso, Giuseppe"]
[Result "1-0"]
[WhiteElo "1883"]
[BlackElo "1987"]
[PlyCount "72"]
[EventDate "2004.10.30"]

1. d4 Nf6 2. Nf3 c5 3. e3 cxd4 4. exd4 d5 5. Bd3 e6 6. Nbd2 Be7 7. c3 O-O 8.
O-O Nc6 9. Ne5 Nxe5 10. dxe5 Nd7 11. f4 b5 12. Qh5 g6 13. Qh6 Qb6+ 14. Kh1 Rd8
15. Rf3 Bf8 16. Qh4 Bb7 17. Rh3 h6 18. Nf3 Bg7 19. f5 Nxe5 20. Nxe5 Bxe5 21.
fxg6 fxg6 22. Qxh6 Rd7 23. Bxg6 d4 24. Bg5 Qc7 25. cxd4 Bxd4 26. Re1 Bxb2 27.
Rf1 Be5 28. Bh5 Qd6 29. Bf6 Bxf6 30. Qxf6 Bxg2+ 31. Kxg2 Rg7+ 32. Rg3 Qd5+ 33.
Bf3 Rxg3+ 34. hxg3 Qxa2+ 35. Rf2 Qxf2+ 36. Kxf2 Re8 1-0

[Event "Autunno Scacchistico A"]
[Site "Venezia ITA"]
[Date "2004.10.31"]
[Round "2"]
[White "Cesaro, Giuliano"]
[Black "Xia, Jie"]
[Result "0-1"]
[WhiteElo "1963"]
[BlackElo "2097"]
[PlyCount "86"]
[EventDate "2004.10.30"]

1. d4 Nf6 2. Nf3 g6 3. g3 Bg7 4. Bg2 O-O 5. O-O d6 6. c4 Nc6 7. Nc3 Bd7 8. e4
e5 9. d5 Na5 10. Nd2 b6 11. b4 Nb7 12. Bb2 Ne8 13. Nb3 f5 14. exf5 gxf5 15. c5
bxc5 16. bxc5 Nxc5 17. Nxc5 dxc5 18. d6 e4 19. Qd5+ Kh8 20. dxc7 Qxc7 21. Qxa8
Bc6 22. Nb5 Bxb5 23. Bxg7+ Kxg7 24. Qd5 Bxf1 25. Bxf1 Qd6 26. Rd1 Rf6 27. Bc4
Qxd5 28. Rxd5 Nd6 29. Rxc5 Nxc4 30. Rxc4 Ra6 31. a4 Kf6 32. h4 Ke6 33. Kf1 Kd5
34. Rb4 Rb6 35. Rxb6 axb6 36. Ke2 Kc4 37. Ke3 Kb4 38. Kf4 Kxa4 39. Kxf5 b5 40.
Kxe4 b4 41. Kd3 b3 42. Kd2 Ka3 43. Kc1 Ka2 0-1

[Event "Autunno Scacchistico A"]
[Site "Venezia ITA"]
[Date "2004.10.31"]
[Round "2"]
[White "De Barba, Eric"]
[Black "Zarpellon, Daniel"]
[Result "1/2-1/2"]
[WhiteElo "1805"]
[BlackElo "1985"]
[PlyCount "66"]
[EventDate "2004.10.30"]

1. e4 d6 2. d4 e5 3. dxe5 dxe5 4. Qxd8+ Kxd8 5. Bc4 f6 6. Be3 c6 7. Nd2 Nd7 8.
Ne2 Bc5 9. Bxc5 Nxc5 10. Rd1 Kc7 11. f3 b5 12. Bb3 a5 13. a3 Be6 14. Bxe6 Nxe6
15. Kf2 Nh6 16. Nf1 Rhd8 17. Ne3 Nf7 18. Rhe1 Kb6 19. g3 Rxd1 20. Rxd1 Rd8 21.
Ke1 Rxd1+ 22. Kxd1 Nfg5 23. Ng1 Nd4 24. Nf5 Ngxf3 25. Nxf3 Nxf3 26. Nxg7 Ng5
27. Ne8 Nxe4 28. Ke2 f5 29. Ke3 Ng5 30. Nd6 f4+ 31. gxf4 exf4+ 32. Kxf4 Ne6+
33. Ke5 Ng5 1/2-1/2

[Event "Autunno Scacchistico A"]
[Site "Venezia ITA"]
[Date "2004.10.31"]
[Round "2"]
[White "Lorenzini, Adriano"]
[Black "Buzio, Alberto"]
[Result "1-0"]
[WhiteElo "1880"]
[BlackElo "1909"]
[PlyCount "101"]
[EventDate "2004.10.30"]

1. d4 Nf6 2. c4 e6 3. Nc3 Bb4 4. Qc2 c5 5. Nf3 O-O 6. Bg5 cxd4 7. Nxd4 Nc6 8.
e3 h6 9. Bh4 d5 10. a3 Be7 11. Rd1 Qa5 12. Nb3 Qd8 13. Be2 Qb6 14. Bxf6 Bxf6
15. cxd5 Bxc3+ 16. Qxc3 exd5 17. Rxd5 Be6 18. Rb5 Qd8 19. O-O Rc8 20. Rxb7 Qg5
21. Rb5 Qe7 22. Rc5 Bxb3 23. Rxc6 Be6 24. Ba6 Rb8 25. b4 Rfd8 26. Rc1 Qg5 27.
Rc5 Qg6 28. Qc2 Qf6 29. Bc4 Bg4 30. Rc7 Qd6 31. Rxf7 Kh8 32. h3 Bh5 33. Rf4 Bg6
34. Qb2 Qd2 35. Qc3 Qxc3 36. Rxc3 Rd1+ 37. Kh2 Rbd8 38. Bf7 Bh7 39. Bh5 R1d7
40. Bg4 Rd2 41. Rc7 Bg6 42. Rxa7 R2d6 43. b5 Kg8 44. a4 Bd3 45. h4 g5 46. hxg5
hxg5 47. Rff7 Bg6 48. Rfd7 R6xd7 49. Bxd7 Kf7 50. Bf5+ Kf6 51. Bxg6 1-0

[Event "Autunno Scacchistico A"]
[Site "Venezia ITA"]
[Date "2004.10.31"]
[Round "2"]
[White "Mattavelli, Italo"]
[Black "Roberti, Ignazio"]
[Result "0-1"]
[WhiteElo "1855"]
[BlackElo "1960"]
[PlyCount "48"]
[EventDate "2004.10.30"]

1. e4 c5 2. Nf3 Nc6 3. d4 cxd4 4. Nxd4 Nf6 5. Nc3 e5 6. Ndb5 d6 7. a4 a6 8. Na3
Be6 9. Be2 Be7 10. O-O O-O 11. Be3 Rc8 12. f4 exf4 13. Rxf4 Ne5 14. Nd5 Bxd5
15. exd5 Nfd7 16. c4 Bg5 17. Re4 f5 18. Bxg5 Qxg5 19. Rd4 Nc5 20. Kh1 Ne4 21.
Qc1 Qh4 22. Qe3 Ng3+ 23. Qxg3 Qxd4 24. Rd1 Qxb2 0-1

[Event "Autunno Scacchistico A"]
[Site "Venezia ITA"]
[Date "2004.10.31"]
[Round "2"]
[White "Militello, Michele"]
[Black "Redo, Giorgio"]
[Result "0-1"]
[WhiteElo "1814"]
[BlackElo "2045"]
[PlyCount "108"]
[EventDate "2004.10.30"]

1. Nf3 d5 2. d4 Nf6 3. e3 e6 4. Bd3 c5 5. b3 Nc6 6. a3 cxd4 7. exd4 Qb6 8. O-O
Bd7 9. Bb2 g6 10. Nbd2 Bg7 11. c4 O-O 12. Re1 Rfe8 13. Bf1 Rad8 14. g3 e5 15.
cxd5 Nxd4 16. Nxd4 exd4 17. Rxe8+ Rxe8 18. Nc4 Qc5 19. Qxd4 Qxd4 20. Bxd4 Nxd5
21. Bxg7 Kxg7 22. Nd6 Rb8 23. Bc4 Bc6 24. Re1 Nb6 25. Bb5 Bd5 26. Nc4 Bxc4 27.
Bxc4 Nxc4 28. bxc4 Kf6 29. Re4 Rc8 30. Rf4+ Ke6 31. Re4+ Kd6 32. Rd4+ Kc6 33.
Re4 Rc7 34. Kf1 f5 35. Rd4 Kc5 36. Rd2 Re7 37. Rc2 b6 38. h4 h5 39. Rd2 Re6 40.
Rd7 a5 41. Rc7+ Kd4 42. Kg2 Kc3 43. c5 b5 44. Ra7 b4 45. Rxa5 b3 46. Rb5 b2 47.
Rb4 Rc6 48. Kf3 Rxc5 49. Kf4 Rc4+ 50. Rxc4+ Kxc4 51. Kg5 b1=Q 52. Kxg6 Kd5 53.
Kxh5 Ke5 54. Kh6 Kf6 0-1

[Event "Autunno Scacchistico A"]
[Site "Venezia ITA"]
[Date "2004.10.31"]
[Round "2"]
[White "Rossero, Tullio"]
[Black "Cecchetto, Vanni"]
[Result "1/2-1/2"]
[WhiteElo "1862"]
[BlackElo "1989"]
[PlyCount "55"]
[EventDate "2004.10.30"]

1. d4 Nf6 2. c4 c5 3. d5 e6 4. dxe6 fxe6 5. Nc3 Be7 6. e4 Nc6 7. f4 d6 8. Nf3
O-O 9. g3 Qa5 10. Bd2 Qb6 11. b3 Nd4 12. Bd3 Bd7 13. O-O Rae8 14. e5 Ng4 15.
exd6 Nxf3+ 16. Qxf3 Qxd6 17. Qxg4 Qxd3 18. Qe2 Qd4+ 19. Rf2 Bf6 20. Rd1 e5 21.
Be1 exf4 22. Rxd4 Rxe2 23. Nxe2 cxd4 24. Nxf4 Bf5 25. Nd5 Bg5 26. Bd2 Bxd2 27.
Rxd2 Bh3 28. Nf4 1/2-1/2

[Event "Autunno Scacchistico A"]
[Site "Venezia ITA"]
[Date "2004.10.31"]
[Round "2"]
[White "Rossi, Damiano"]
[Black "Castellano, Alfonso"]
[Result "1/2-1/2"]
[WhiteElo "1996"]
[BlackElo "1881"]
[PlyCount "59"]
[EventDate "2004.10.30"]

1. e4 c5 2. Nf3 d6 3. d4 cxd4 4. Nxd4 Nf6 5. f3 a6 6. c4 e6 7. Qb3 Nc6 8. Be3
Qc7 9. Nxc6 bxc6 10. Qb6 Qxb6 11. Bxb6 e5 12. b3 d5 13. Bc7 Bb4+ 14. Nd2 dxe4
15. a3 Bc3 16. Rc1 Bb2 17. Rc2 Bxa3 18. Bxe5 e3 19. Nb1 Bb4+ 20. Nc3 Bf5 21.
Rc1 Rd8 22. g4 Bg6 23. Be2 O-O 24. Kf1 Rfe8 25. Bf4 Bd3 26. Rg1 Bxc3 27. Rxc3
Bxe2+ 28. Kxe2 Rd2+ 29. Ke1 Rb2 30. Bxe3 1/2-1/2

[Event "Autunno Scacchistico A"]
[Site "Venezia ITA"]
[Date "2004.10.31"]
[Round "2"]
[White "Scuderi, David"]
[Black "Baracchi, Filippo"]
[Result "0-1"]
[WhiteElo "2071"]
[BlackElo "1908"]
[PlyCount "131"]
[EventDate "2004.10.30"]

1. e4 b6 2. d4 Bb7 3. Nc3 e6 4. d5 exd5 5. exd5 Nf6 6. Bg5 Be7 7. Bxf6 Bxf6 8.
Bd3 Bxc3+ 9. bxc3 Bxd5 10. Qg4 Qf6 11. Ne2 Nc6 12. O-O h5 13. Qg3 Ne5 14. Nf4
Bb7 15. Rfe1 O-O-O 16. Be4 d5 17. Nd3 Nxd3 18. Bxd3 Kb8 19. a4 h4 20. Qg4 Rhe8
21. Reb1 Re6 22. a5 Qxc3 23. Qxh4 Rde8 24. axb6 Rxb6 25. Rf1 d4 26. Qg4 g6 27.
Qd7 Qc6 28. Qg4 Rh8 29. f3 Qd6 30. h4 f5 31. Qg5 Rh5 32. Qd2 Rxh4 33. Qa5 a6
34. Rfb1 Qf4 35. Re1 Rh8 36. Qa4 Qh2+ 37. Kf2 Qh4+ 38. Kg1 Qd8 39. Reb1 Qg5 40.
Qxd4 Rh4 41. Qe5 Rhb4 42. Rxb4 Rxb4 43. Qh8+ Ka7 44. Qe5 Qd8 45. Qc5+ Rb6 46.
Re1 Qd6 47. Qe3 f4 48. Qe7 Rb1 49. Qxd6 Rxe1+ 50. Kf2 cxd6 51. Kxe1 g5 52. Kd2
Kb6 53. Bf5 Bc6 54. Kc3 Kc5 55. Bc8 Bb5 56. Be6 Bf1 57. Bh3 Kd5 58. Kb4 Kd4 59.
c3+ Kd5 60. Kb3 Kc5 61. Kc2 a5 62. Kd2 a4 63. Ke1 Bxg2 64. Bd7 a3 65. Kf2 a2
66. Kxg2 0-1

[Event "Autunno Scacchistico A"]
[Site "Venezia ITA"]
[Date "2004.10.31"]
[Round "2"]
[White "Velluti, Alberto"]
[Black "Zambon, Roberto"]
[Result "1/2-1/2"]
[WhiteElo "1829"]
[BlackElo "1799"]
[PlyCount "71"]
[EventDate "2004.10.30"]

1. e4 c5 2. Nf3 d6 3. d4 cxd4 4. Nxd4 Nf6 5. Nc3 a6 6. Bc4 e6 7. Bb3 Be7 8. O-O
O-O 9. f4 Nc6 10. Nf3 b5 11. Qe1 Bb7 12. f5 d5 13. fxe6 fxe6 14. exd5 exd5 15.
Qe6+ Kh8 16. Nxd5 Bc5+ 17. Kh1 Na5 18. Nf4 Nxb3 19. Qxb3 Bc8 20. Ng5 Qe7 21.
Bd2 Ng4 22. Qf3 Ra7 23. Rae1 Qf6 24. Ne4 Nxh2 25. Qh5 Nxf1 26. Rxf1 Qf5 27.
Qxf5 Rxf5 28. Nxc5 g5 29. Bc3+ Kg8 30. Rd1 Rc7 31. Rd8+ Kf7 32. Ne4 Rxf4 33.
Nd6+ Ke7 34. Rxc8 Kxd6 35. Be5+ Kxe5 36. Rxc7 1/2-1/2

[Event "Autunno Scacchistico A"]
[Site "Venezia ITA"]
[Date "2004.10.31"]
[Round "3"]
[White "Baracchi, Filippo"]
[Black "Rossi, Damiano"]
[Result "0-1"]
[WhiteElo "1908"]
[BlackElo "1996"]
[PlyCount "42"]
[EventDate "2004.10.30"]

1. e4 c5 2. Nf3 Nc6 3. d4 cxd4 4. Nxd4 g6 5. Be3 Bg7 6. Nc3 Nf6 7. f3 O-O 8.
Qd2 Re8 9. h4 d5 10. exd5 Nxd5 11. Nxc6 bxc6 12. O-O-O Bxc3 13. bxc3 Qa5 14.
Bc4 Qa3+ 15. Kb1 Nxc3+ 16. Ka1 Rb8 17. Bb3 Nxa2 18. Bc5 Nb4+ 19. Kb1 a5 20. h5
Bf5 21. hxg6 Qxb3+ 0-1

[Event "Autunno Scacchistico A"]
[Site "Venezia ITA"]
[Date "2004.10.31"]
[Round "3"]
[White "Buzio, Alberto"]
[Black "Scuderi, David"]
[Result "1-0"]
[WhiteElo "1909"]
[BlackElo "2071"]
[PlyCount "121"]
[EventDate "2004.10.30"]

1. e4 e6 2. d4 d5 3. Nc3 Bb4 4. e5 c5 5. a3 Bxc3+ 6. bxc3 Qc7 7. Nf3 Nc6 8. Bb5
Bd7 9. Bxc6 Bxc6 10. O-O cxd4 11. cxd4 Ba4 12. Qd2 Qxc2 13. Qg5 Ne7 14. Be3 Qg6
15. Rfc1 Bc6 16. Bd2 Qxg5 17. Bxg5 h6 18. Bd2 Kd7 19. a4 Rhc8 20. Bb4 b6 21. g4
Bb7 22. Rcb1 Rc4 23. Bxe7 Kxe7 24. a5 Rc6 25. Rb2 Rac8 26. Kg2 Rc2 27. Rbb1
R8c6 28. Ra3 Kd7 29. h4 Kc7 30. Ne1 R2c3 31. axb6+ axb6 32. Ra2 Rc1 33. Raa1
Rxb1 34. Rxb1 Ba6 35. Rb2 Bc4 36. f4 b5 37. Nc2 Ra6 38. f5 Ra2 39. Rxa2 Bxa2
40. Kf2 Kb6 41. Ke1 Ka5 42. Kd2 b4 43. Kc1 b3 44. Ne3 Kb4 45. Kb2 Kb5 46. g5
hxg5 47. hxg5 exf5 48. Nxf5 Kc6 49. Nxg7 Kd7 50. Nf5 Ke6 51. Ne3 Ke7 52. Nxd5+
Kd7 53. Nf4 Ke7 54. d5 Kd7 55. g6 fxg6 56. Nxg6 Ke8 57. e6 Kd8 58. d6 Bb1 59.
Kxb1 b2 60. Kxb2 Ke8 61. Ne5 1-0

[Event "Autunno Scacchistico A"]
[Site "Venezia ITA"]
[Date "2004.10.31"]
[Round "3"]
[White "Castellano, Alfonso"]
[Black "Cesaro, Giuliano"]
[Result "0-1"]
[WhiteElo "1881"]
[BlackElo "1963"]
[PlyCount "93"]
[EventDate "2004.10.30"]

1. c4 Nf6 2. Nc3 g6 3. g3 Bg7 4. Bg2 d6 5. e4 e5 6. Nge2 O-O 7. d3 c6 8. O-O
Na6 9. h3 Be6 10. f4 Qd7 11. Kh2 Nc7 12. Qb3 b5 13. Nd5 cxd5 14. cxd5 Bxd5 15.
exd5 Rab8 16. Bd2 b4 17. Rac1 a5 18. a4 bxa3 19. Qxa3 Ncxd5 20. d4 Qb5 21. dxe5
dxe5 22. fxe5 Qxe2 23. exf6 Nxf6 24. Bc3 Nh5 25. Qxa5 Bxc3 26. bxc3 Qe3 27. Qc7
Rbc8 28. Qd7 Qxg3+ 29. Kg1 Nf4 30. Rc2 Rxc3 31. Rcf2 Rf3 32. Qg4 Qxg4 33. hxg4
Rxf2 34. Rxf2 Nxg2 35. Kxg2 h6 36. Kg3 Rd8 37. Rf4 Rd3+ 38. Kf2 Kg7 39. Ke2 Ra3
40. Kf2 Ra5 41. Ke3 g5 42. Rb4 Ra1 43. Ke4 Rf1 44. Ke5 f6+ 45. Ke6 Rf4 46. Rb7+
Kg6 47. Rf7 0-1

[Event "Autunno Scacchistico A"]
[Site "Venezia ITA"]
[Date "2004.10.31"]
[Round "3"]
[White "Cecchetto, Vanni"]
[Black "De Barba, Eric"]
[Result "1/2-1/2"]
[WhiteElo "1989"]
[BlackElo "1805"]
[PlyCount "63"]
[EventDate "2004.10.30"]

1. Nf3 Nf6 2. c4 e6 3. Nc3 c5 4. d4 cxd4 5. Nxd4 a6 6. g3 Qc7 7. Bg2 Nc6 8. O-O
Bc5 9. Nb3 Be7 10. e4 O-O 11. Qe2 d6 12. Be3 Ne5 13. Nd2 Bd7 14. h3 Rac8 15.
Rac1 Bc6 16. Nd5 exd5 17. cxd5 Bb5 18. Rxc7 Bxe2 19. Rxe7 Bxf1 20. Bxf1 b5 21.
a4 Nc4 22. Nxc4 bxc4 23. Bd4 Rfe8 24. Bxf6 gxf6 25. Rxe8+ Rxe8 26. f3 Rc8 27.
Kf2 a5 28. Ke3 c3 29. bxc3 Rxc3+ 30. Kf4 Kg7 31. h4 h6 32. g4 1/2-1/2

[Event "Autunno Scacchistico A"]
[Site "Venezia ITA"]
[Date "2004.10.31"]
[Round "3"]
[White "Lorusso, Giuseppe"]
[Black "Balbi, Fabio"]
[Result "0-1"]
[WhiteElo "1987"]
[BlackElo "1862"]
[PlyCount "92"]
[EventDate "2004.10.30"]

1. d4 d5 2. c4 c6 3. Nc3 Nf6 4. Nf3 e6 5. Bg5 Be7 6. e3 Nbd7 7. Bd3 O-O 8. O-O
Re8 9. Rc1 Nf8 10. Ne5 N6d7 11. Bxe7 Qxe7 12. f4 f6 13. Nxd7 Bxd7 14. Qf3 f5
15. Rf2 Kh8 16. c5 h6 17. b4 a6 18. a4 Nh7 19. Rb2 g5 20. g3 g4 21. Qe2 h5 22.
b5 axb5 23. axb5 Nf6 24. bxc6 Bxc6 25. Ra2 Kg7 26. Rca1 Rxa2 27. Rxa2 h4 28.
Ra7 hxg3 29. hxg3 Rh8 30. Bb5 Bxb5 31. Qxb5 Kg6 32. Rxb7 Qf8 33. Qb2 Rh3 34.
Qg2 Qa8 35. c6 Qa1+ 36. Nb1 Qa4 37. Nc3 Qxc6 38. Qb2 Rxg3+ 39. Kf2 Rf3+ 40. Kg2
Qc4 41. Ne2 Rxe3 42. Ng3 Ne4 43. Rg7+ Kxg7 44. Nxf5+ exf5 45. Qb7+ Kg6 46. Qb6+
Nf6 0-1

[Event "Autunno Scacchistico A"]
[Site "Venezia ITA"]
[Date "2004.10.31"]
[Round "3"]
[White "Militello, Michele"]
[Black "Bonan, Yves"]
[Result "1/2-1/2"]
[WhiteElo "1814"]
[BlackElo "1825"]
[PlyCount "61"]
[EventDate "2004.10.30"]

1. Nf3 Nf6 2. b3 g6 3. Bb2 Bg7 4. d4 d6 5. e3 Bg4 6. Be2 Nbd7 7. O-O O-O 8.
Nbd2 c5 9. h3 Bxf3 10. Nxf3 Rb8 11. c4 a6 12. Bd3 Ne8 13. Qe2 Nc7 14. a4 Re8
15. d5 Bxb2 16. Qxb2 b5 17. axb5 axb5 18. Qe2 b4 19. Qb2 Ra8 20. e4 f6 21. g3
Qb8 22. Kg2 Rxa1 23. Rxa1 Qb7 24. Be2 Ra8 25. Nd2 Ra6 26. Bg4 Ne5 27. Bd1 Qa8
28. Rxa6 Qxa6 29. Qb1 Nf7 30. f4 Kg7 31. g4 1/2-1/2

[Event "Autunno Scacchistico A"]
[Site "Venezia ITA"]
[Date "2004.10.31"]
[Round "3"]
[White "Roberti, Ignazio"]
[Black "Velluti, Alberto"]
[Result "1-0"]
[WhiteElo "1960"]
[BlackElo "1829"]
[PlyCount "138"]
[EventDate "2004.10.30"]

1. Nf3 d5 2. c4 e6 3. g3 c6 4. Bg2 g6 5. d4 Bg7 6. cxd5 exd5 7. Nc3 Ne7 8. O-O
O-O 9. Qb3 Nf5 10. Rd1 Re8 11. Bg5 Qb6 12. Qxb6 axb6 13. Bf4 Nd7 14. a4 Nf8 15.
Bc7 Ra6 16. Bf1 Ne6 17. Be5 Ra8 18. Bxg7 Nexg7 19. e3 Nd6 20. b3 Bg4 21. Be2 f6
22. Kg2 Bf5 23. Rac1 Bd7 24. h3 Rac8 25. g4 g5 26. Bd3 h6 27. Bg6 Re7 28. Re1
Ne6 29. Bb1 Rce8 30. Bg6 Rc8 31. Bb1 Rce8 32. Ne2 Rf8 33. Ng3 Be8 34. h4 Kg7
35. hxg5 hxg5 36. Rh1 Bg6 37. Rh2 Bxb1 38. Rxb1 Rh8 39. Rbh1 Rxh2+ 40. Rxh2 Re8
41. Nd2 Nc7 42. Rh1 b5 43. Ra1 bxa4 44. Rxa4 Ra8 45. Rxa8 Nxa8 46. Ne2 Nc7 47.
f4 Na6 48. Kf3 Nb4 49. Nc3 Nc2 50. Na4 gxf4 51. Kxf4 Kf7 52. Nc3 Ke7 53. Ne2
Kf7 54. Ng3 Kg6 55. Nf3 Na1 56. Nd2 Nc2 57. Ne2 f5 58. g5 Ne4 59. Nf3 Nf2 60.
Nh4+ Kf7 61. Nxf5 Nh3+ 62. Kg4 Nf2+ 63. Kh5 Ne4 64. Kh6 b5 65. g6+ Kf6 66. g7
Kxf5 67. Nf4 Nf6 68. Nh5 Ng8+ 69. Kh7 Nxe3 1-0

[Event "Autunno Scacchistico A"]
[Site "Venezia ITA"]
[Date "2004.10.31"]
[Round "3"]
[White "Tomio, Dante"]
[Black "Lorenzini, Adriano"]
[Result "0-1"]
[WhiteElo "1876"]
[BlackElo "1880"]
[PlyCount "64"]
[EventDate "2004.10.30"]

1. d4 d5 2. Nf3 Nf6 3. Bg5 Nbd7 4. e3 e6 5. Bd3 c5 6. c3 Be7 7. Nbd2 O-O 8. Ne5
Nxe5 9. dxe5 Nd7 10. Bf4 f5 11. h4 Qc7 12. Nf3 c4 13. Bc2 b5 14. Rg1 b4 15. g4
fxg4 16. Rxg4 bxc3 17. bxc3 Nc5 18. Nd4 Bd7 19. Qb1 Nd3+ 20. Bxd3 cxd3 21. Qxd3
Rac8 22. Kd2 Qa5 23. Nb3 Qa3 24. Rag1 Qxa2+ 25. Ke1 Rf7 26. Bh6 Qxf2+ 27. Kd1
Bf8 28. Nd2 Rb8 29. Rf1 Bb5 30. Rxf2 Bxd3 31. Rxf7 Kxf7 32. Bf4 h5 0-1

[Event "Autunno Scacchistico A"]
[Site "Venezia ITA"]
[Date "2004.10.31"]
[Round "3"]
[White "Xia, Jie"]
[Black "Redo, Giorgio"]
[Result "0-1"]
[WhiteElo "2097"]
[BlackElo "2045"]
[PlyCount "51"]
[EventDate "2004.10.30"]

1. e4 c5 2. Nf3 Nc6 3. d4 cxd4 4. Nxd4 Nf6 5. Nc3 e5 6. Ndb5 Bb4 7. Nd6+ Ke7 8.
Nf5+ Kf8 9. a3 Bxc3+ 10. bxc3 d5 11. a4 Nxe4 12. g4 Bxf5 13. gxf5 Qh4 14. Qf3
Nxf2 15. Qxf2 Qe4+ 16. Kd2 Qxh1 17. Ba3+ Kg8 18. Re1 e4 19. Re3 Ne5 20. Be2 f6
21. Rg3 b6 22. Qd4 Rd8 23. Be7 Kf7 24. Bxd8 Rxd8 25. c4 Qxh2 26. Qe3 0-1

[Event "Autunno Scacchistico A"]
[Site "Venezia ITA"]
[Date "2004.10.31"]
[Round "3"]
[White "Zambon, Roberto"]
[Black "Bettera, Roberto"]
[Result "1-0"]
[WhiteElo "1799"]
[BlackElo "1883"]
[PlyCount "138"]
[EventDate "2004.10.30"]

1. d4 Nf6 2. c4 c5 3. d5 e6 4. Nc3 exd5 5. cxd5 d6 6. e4 g6 7. Nf3 Bg7 8. Be2
O-O 9. O-O Re8 10. Qc2 Na6 11. a3 Nc7 12. Bf4 b5 13. Nd2 b4 14. Nb5 Nxb5 15.
Bxb5 Bd7 16. Bd3 Qe7 17. Rfe1 Nh5 18. Be3 Reb8 19. Rab1 a5 20. Nf3 Bb5 21. Bxb5
Rxb5 22. Qc4 Qb7 23. a4 Rb6 24. b3 Qd7 25. Qd3 Rbb8 26. Nd2 Nf6 27. Nc4 h6 28.
Bf4 Bf8 29. Qf3 Nh5 30. Bc1 Kh7 31. g4 Ng7 32. Bf4 Rb7 33. Rbd1 h5 34. h3 Ra6
35. Bc1 Qd8 36. g5 Kg8 37. h4 Re7 38. Bb2 Re8 39. Bf6 Qd7 40. Qg3 Be7 41. f3
Rf8 42. Bb2 Qd8 43. Ne3 f6 44. f4 Ra8 45. Nc4 fxg5 46. fxg5 Ra7 47. Rf1 Qd7 48.
Bf6 Qd8 49. Bxe7 Qxe7 50. Nxd6 Rd7 51. e5 Rxf1+ 52. Rxf1 Nf5 53. Nxf5 gxf5 54.
d6 Qe6 55. Qe3 c4 56. bxc4 Qxc4 57. Rf4 Qe6 58. Qd4 Kg7 59. Rf2 Rf7 60. Qc5 f4
61. Qd4 f3 62. Qe4 Qh3 63. e6 Qg3+ 64. Kf1 Rf4 65. Qe5+ Kg6 66. Ke1 Qg1+ 67.
Rf1 f2+ 68. Ke2 Qg3 69. e7 Rc4 1-0

[Event "Autunno Scacchistico A"]
[Site "Venezia ITA"]
[Date "2004.10.31"]
[Round "3"]
[White "Zarpellon, Daniel"]
[Black "Rossero, Tullio"]
[Result "1/2-1/2"]
[WhiteElo "1985"]
[BlackElo "1862"]
[PlyCount "102"]
[EventDate "2004.10.30"]

1. e4 d6 2. d4 Nf6 3. Nc3 g6 4. Bd3 Bg7 5. Nge2 c6 6. f3 Nbd7 7. Be3 O-O 8. Qd2
e5 9. dxe5 Nxe5 10. Bh6 Bh3 11. O-O Bc8 12. Bxg7 Kxg7 13. Kh1 h5 14. h3 Rh8 15.
f4 Nxd3 16. Qxd3 Qe7 17. Rad1 d5 18. e5 Nh7 19. Nd4 f5 20. Nce2 h4 21. a3 a6
22. c4 c5 23. cxd5 cxd4 24. Qxd4 Rd8 25. Rc1 Be6 26. d6 Qe8 27. Rc7+ Rd7 28.
Rfc1 Rad8 29. Qf2 Rxc7 30. Rxc7+ Rd7 31. Qxh4 Qf7 32. Nd4 Nf8 33. Rxd7 Bxd7 34.
Qe7 Ne6 35. Nxe6+ Bxe6 36. Qxf7+ Kxf7 37. Kg1 Kg7 38. Kf2 Kf7 39. Kg3 Kg7 40.
Kh4 Kh6 41. g4 fxg4 42. hxg4 Bd7 43. Kg3 Kg7 44. b4 Be6 45. a4 Bd7 46. a5 Be6
47. Kf3 Kf7 48. Ke4 Bxg4 49. Kd5 Bf3+ 50. Kc5 Ke6 51. Kb6 Kd7 1/2-1/2

[Event "Autunno Scacchistico A"]
[Site "Venezia ITA"]
[Date "2004.11.01"]
[Round "4"]
[White "Balbi, Fabio"]
[Black "Velluti, Alberto"]
[Result "0-1"]
[WhiteElo "1862"]
[BlackElo "1829"]
[PlyCount "56"]
[EventDate "2004.10.30"]

1. d4 d5 2. c4 e6 3. Nf3 Nf6 4. Nc3 Nbd7 5. Bg5 h6 6. Bf4 Bb4 7. a3 Bxc3+ 8.
bxc3 dxc4 9. g4 Nd5 10. Bd2 N7f6 11. Qc2 Nb6 12. g5 hxg5 13. Nxg5 Bd7 14. a4
Bc6 15. e4 a5 16. Rg1 Qd7 17. e5 Nfd5 18. Ne4 O-O-O 19. Nc5 Qe8 20. Rxg7 Rxh2
21. Rg1 Qh8 22. Be2 Rg8 23. O-O-O Rxg1 24. Rxg1 Rxf2 25. Be1 Rh2 26. Bg3 Rh1
27. Rxh1 Qxh1+ 28. Kb2 Kb8 0-1

[Event "Autunno Scacchistico A"]
[Site "Venezia ITA"]
[Date "2004.11.01"]
[Round "4"]
[White "Bettera, Roberto"]
[Black "Mattavelli, Italo"]
[Result "1/2-1/2"]
[WhiteElo "1883"]
[BlackElo "1855"]
[PlyCount "61"]
[EventDate "2004.10.30"]

1. d4 Nf6 2. c4 g6 3. Nc3 Bg7 4. e4 d6 5. Be2 O-O 6. Nf3 Nbd7 7. Be3 e5 8. d5
Ng4 9. Bg5 f6 10. Bh4 a5 11. h3 Nh6 12. g4 g5 13. Bg3 Nc5 14. b3 c6 15. Nd2 Nf7
16. a3 cxd5 17. cxd5 Qc7 18. Rc1 Qb6 19. f3 Bd7 20. Bf2 Rfc8 21. O-O Qd8 22.
Bc4 b6 23. Qe2 Nh8 24. Qe3 Ng6 25. Ra1 Nf4 26. Kh2 Rab8 27. Rfb1 b5 28. Bf1
Ncd3 29. Nd1 Nxf2 30. Nxf2 Rc2 31. Bd3 1/2-1/2

[Event "Autunno Scacchistico A"]
[Site "Venezia ITA"]
[Date "2004.11.01"]
[Round "4"]
[White "Bonan, Yves"]
[Black "De Barba, Eric"]
[Result "1-0"]
[WhiteElo "1825"]
[BlackElo "1805"]
[PlyCount "102"]
[EventDate "2004.10.30"]

1. Nf3 d5 2. g3 e6 3. Bg2 Bd6 4. d3 Nf6 5. Bg5 h6 6. Bxf6 Qxf6 7. c3 e5 8. O-O
Be6 9. Nbd2 Nd7 10. Rb1 Nf8 11. b4 Ng6 12. c4 d4 13. Ne4 Qe7 14. c5 f5 15. cxd6
cxd6 16. Ned2 d5 17. Qa4+ Kf7 18. Nb3 b6 19. h4 Bd7 20. Qa6 Qd6 21. Qa3 Nf8 22.
Qb2 Ne6 23. Rbc1 Rag8 24. e3 g5 25. h5 Kf6 26. Nfxd4 exd4 27. Nxd4 Qe5 28. Rb1
Ke7 29. Nxe6 Qxb2 30. Rxb2 Kxe6 31. Rc1 Rc8 32. Rbc2 Rxc2 33. Rxc2 Rc8 34. Rxc8
Bxc8 35. e4 dxe4 36. dxe4 Ke5 37. exf5 Bxf5 38. f3 Be6 39. a3 Bf7 40. Kf2 Kd4
41. g4 Bc4 42. Bh3 Kc3 43. Ke3 Kb3 44. f4 gxf4+ 45. Kxf4 Bd3 46. g5 hxg5+ 47.
Kxg5 Bh7 48. Bf5 Bg8 49. Kf6 Kxa3 50. b5 Kb4 51. Kg7 a5 1-0

[Event "Autunno Scacchistico A"]
[Site "Venezia ITA"]
[Date "2004.11.01"]
[Round "4"]
[White "Buzio, Alberto"]
[Black "Militello, Michele"]
[Result "1/2-1/2"]
[WhiteElo "1909"]
[BlackElo "1814"]
[PlyCount "31"]
[EventDate "2004.10.30"]

1. d4 d5 2. c4 e6 3. Nc3 Nf6 4. Bg5 Nbd7 5. e3 Be7 6. Nf3 O-O 7. Bd3 dxc4 8.
Bxc4 c6 9. O-O Nd5 10. Bxe7 Qxe7 11. e4 Nxc3 12. bxc3 e5 13. Qe2 exd4 14. cxd4
Nf6 15. e5 Nd5 16. Bxd5 1/2-1/2

[Event "Autunno Scacchistico A"]
[Site "Venezia ITA"]
[Date "2004.11.01"]
[Round "4"]
[White "Castellano, Alfonso"]
[Black "Baracchi, Filippo"]
[Result "0-1"]
[WhiteElo "1881"]
[BlackElo "1908"]
[PlyCount "80"]
[EventDate "2004.10.30"]

1. c4 Nf6 2. Nc3 g6 3. g3 Bg7 4. Bg2 O-O 5. e4 d6 6. Nge2 Nbd7 7. O-O c6 8. d4
e5 9. d5 Nh5 10. dxc6 Ndf6 11. cxb7 Bxb7 12. b3 Ne8 13. Nd5 f5 14. Nec3 f4 15.
g4 Nhf6 16. Ba3 Bc8 17. Bf3 Nxg4 18. Bxg4 Qg5 19. f3 h5 20. h3 hxg4 21. fxg4
Kh7 22. Qf3 Rh8 23. Kg2 Bf8 24. Rad1 Rb8 25. Ne2 Ng7 26. Ndc3 Ne6 27. Bxd6 Bxd6
28. Rxd6 Qh4 29. Qf2 Qe7 30. Rd3 Ng5 31. Nd5 Qf8 32. Qh4+ Qh6 33. Qxh6+ Kxh6
34. Nec3 Kg7 35. Rh1 Bxg4 36. hxg4 f3+ 37. Rxf3 Rxh1 38. Rd3 Rbh8 39. Kf2 R8h2+
40. Ke3 Re1+ 0-1